[Event "FRM-chT2"]
[Site "Struga"]
[Date "2023.07.01"]
[Round "2.1"]
[White "Todorovski, Tome"]
[Black "Simeonov, Angel"]
[Result "1-0"]
[WhiteElo "2213"]
[BlackElo "2133"]
[PlyCount "55"]
[EventDate "2023.06.30"]
[EventType "team-tourn"]
[EventRounds "7"]
[EventCountry "MKD"]
[SourceTitle "EXT 2024"]
[Source "ChessBase"]
[SourceDate "2023.10.10"]
[SourceVersion "1"]
[SourceVersionDate "2023.10.10"]
[SourceQuality "1"]

1. e4 c5 2. Nf3 e6 3. d4 d5 4. exd5 exd5 5. Bb5+ Nc6 6. Nc3 c4 7. 0-0 Bb4 8. Ne5 Nge7 9. Bg5 Qd6 10. Bxe7 Kxe7 11. Bxc6 bxc6 12. Qh5 Be6 13. Rfe1 Kf8 14. Re3 Kg8 15. Ne2 f6 16. c3 Ba5 17. Nxc4 dxc4 18. Qxa5 Bf7 19. Re1 g6 20. Ng3 Kg7 21. Ne4 Qd8 22. Qc5 Re8 23. Nd6 Rxe3 24. Rxe3 Qd7 25. Nxf7 Kxf7 26. Qxc4+ Kg7 27. Qe6 Qxe6 28. Rxe6 1-0

[Event "FRM-chT2"]
[Site "Struga"]
[Date "2023.06.30"]
[Round "1.1"]
[White "Todorovski, Ilija"]
[Black "Todorovski, Tome"]
[Result "1-0"]
[WhiteElo "2139"]
[BlackElo "2213"]
[PlyCount "89"]
[EventDate "2023.06.30"]
[EventType "team-tourn"]
[EventRounds "7"]
[EventCountry "MKD"]
[SourceTitle "EXT 2024"]
[Source "ChessBase"]
[SourceDate "2023.10.10"]
[SourceVersion "1"]
[SourceVersionDate "2023.10.10"]
[SourceQuality "1"]

1. e4 e5 2. Nf3 Nc6 3. Bb5 Nge7 4. c3 d5 5. d3 dxe4 6. dxe4 Qxd1+ 7. Kxd1 f6 8. Kc2 a6 9. Ba4 b5 10. Bb3 Na5 11. Be3 Nxb3 12. axb3 Bb7 13. Nfd2 Ng6 14. c4 b4 15. g3 f5 16. f3 f4 17. Bf2 h5 18. Ra5 Be7 19. Rg1 Kf7 20. Bc5 Bd6 21. Nf1 h4 22. gxf4 Nxf4 23. Ne3 Ne6 24. Bxd6 Nd4+ 25. Kd3 cxd6 26. Nd2 g6 27. Ra4 Rhb8 28. Rg4 h3 29. Rg3 Ne6 30. Kc2 Bc8 31. Nd5 a5 32. Ra1 Nd4+ 33. Kd3 Be6 34. Rag1 Rg8 35. Rg5 Bxd5 36. exd5 a4 37. bxa4 Rxa4 38. f4 Nf5 39. fxe5 dxe5 40. Re1 Ra2 41. b3 Rh8 42. Rg4 Nd4 43. Rf1+ Nf5 44. c5 Kg7 45. Rxf5 1-0

[Event "FRM-chT qual Gr-A"]
[Site "Ohrid"]
[Date "2020.08.23"]
[Round "4.2"]
[White "Batkoski, Igor"]
[Black "Todorovski, Tome"]
[Result "0-1"]
[WhiteElo "1475"]
[BlackElo "2206"]
[PlyCount "98"]
[EventDate "2020.08.21"]
[EventType "team-tourn"]
[EventRounds "5"]
[EventCountry "MKD"]
[SourceTitle "CBM 198 Extra"]
[Source "ChessBase"]
[SourceDate "2020.11.30"]
[SourceVersion "1"]
[SourceVersionDate "2020.11.30"]
[SourceQuality "1"]
[WhiteTeam "Struga"]
[BlackTeam "Bitola Stevo Patako"]
[WhiteTeamCountry "MKD"]
[BlackTeamCountry "MKD"]

1. c4 Nf6 2. d4 e6 3. Nf3 Ne4 4. Qc2 f5 5. e3 Be7 6. Bd3 d5 7. a3 0-0 8. 0-0 c6 9. b4 Bd7 10. Ne5 Be8 11. f3 Ng5 12. Bb2 Nd7 13. Nd2 Nxe5 14. dxe5 Rc8 15. Rad1 b5 16. c5 Bg6 17. Nb3 Qc7 18. h4 Nf7 19. Nd4 Nd8 20. Qf2 a5 21. f4 Ra8 22. g4 h6 23. Qg3 Bh7 24. h5 Qd7 25. g5 hxg5 26. fxg5 g6 27. hxg6 Bxg6 28. Rf2 Rf7 29. Nf3 Rg7 30. Rh2 Nf7 31. Kf2 axb4 32. axb4 Ra2 33. Rd2 f4 34. exf4 Bxd3 35. Nh4 Be4 36. Ke1 Nxg5 37. Qb3 Ra8 38. fxg5 Bxg5 39. Rdf2 Qe7 40. Ng2 Rf8 41. Qh3 Rxf2 42. Kxf2 Bxg2 43. Qh8+ Kf7 44. Rxg2 Be3+ 45. Kxe3 Rxg2 46. Qh5+ Rg6 47. Qh7+ Rg7 48. Qh5+ Kg8 49. Qf3 Qg5+ 0-1

[Event "FRM-chT qual Gr-A"]
[Site "Ohrid"]
[Date "2020.08.23"]
[Round "5.2"]
[White "Todorovski, Tome"]
[Black "Veljanoski, Andrej"]
[Result "1-0"]
[WhiteElo "2206"]
[BlackElo "2015"]
[PlyCount "49"]
[EventDate "2020.08.21"]
[EventType "team-tourn"]
[EventRounds "5"]
[EventCountry "MKD"]
[SourceTitle "CBM 198 Extra"]
[Source "ChessBase"]
[SourceDate "2020.11.30"]
[SourceVersion "1"]
[SourceVersionDate "2020.11.30"]
[SourceQuality "1"]
[WhiteTeam "Bitola Stevo Patako"]
[BlackTeam "Skopje MSK Centar"]
[WhiteTeamCountry "MKD"]
[BlackTeamCountry "MKD"]

1. e4 e5 2. Nf3 Nc6 3. d4 exd4 4. Bc4 Bc5 5. c3 Nf6 6. e5 d5 7. Bb5 Ne4 8. cxd4 Bb6 9. 0-0 0-0 10. h3 Ne7 11. Nc3 c6 12. Bd3 Nxc3 13. bxc3 Bf5 14. Ba3 Bxd3 15. Qxd3 Re8 16. Ng5 Ng6 17. Qf5 f6 18. Nxh7 Kxh7 19. e6 Kg8 20. Qxg6 Rxe6 21. Rae1 Qe8 22. Qb1 Rxe1 23. Rxe1 Qh5 24. Re7 Re8 25. g4 1-0

[Event "FRM-chT qual Gr-A"]
[Site "Ohrid"]
[Date "2020.08.22"]
[Round "2.2"]
[White "Todorovski, Tome"]
[Black "Mateski, Julian"]
[Result "1-0"]
[WhiteElo "2206"]
[BlackElo "1256"]
[PlyCount "107"]
[EventDate "2020.08.21"]
[EventType "team-tourn"]
[EventRounds "5"]
[EventCountry "MKD"]
[SourceTitle "CBM 198 Extra"]
[Source "ChessBase"]
[SourceDate "2020.11.30"]
[SourceVersion "1"]
[SourceVersionDate "2020.11.30"]
[SourceQuality "1"]
[WhiteTeam "Bitola Stevo Patako"]
[BlackTeam "Ohrid Lasker"]
[WhiteTeamCountry "MKD"]
[BlackTeamCountry "MKD"]

1. e4 e5 2. Nf3 d6 3. d4 exd4 4. Nxd4 Nf6 5. Bd3 Be7 6. c4 0-0 7. 0-0 Re8 8. Nc3 c5 9. Nc2 Nc6 10. b3 Be6 11. Bb2 Bf8 12. f4 Bd7 13. Qf3 a5 14. Qg3 Nb4 15. Rad1 Nxd3 16. Rxd3 Nxe4 17. Nxe4 Rxe4 18. Ne3 f6 19. Nd5 Be7 20. Rfd1 Bc6 21. Nxe7+ Qxe7 22. Rxd6 Re2 23. Bxf6 Qe3+ 24. Qxe3 Rxe3 25. Be5 Re2 26. R1d2 Rxd2 27. Rxd2 a4 28. Kf2 axb3 29. axb3 Ra3 30. Rb2 Kf7 31. g4 h6 32. Bd6 b6 33. Bc7 b5 34. cxb5 Bxb5 35. Bd6 Ra5 36. Bxc5 Bc6 37. b4 Ra3 38. b5 Rf3+ 39. Ke2 Bb7 40. Be3 Rh3 41. Kd3 Ke6 42. Kd4 Kd6 43. f5 Rh4 44. Bf4+ Kd7 45. Rc2 Rxg4 46. Ke3 Kd8 47. b6 Rg2 48. Rc7 Ba6 49. b7 Re2+ 50. Kf3 Rb2 51. Rc8+ Kd7 52. b8Q Bb7+ 53. Ke3 Rb3+ 54. Kd2 1-0

[Event "FRM-chT 22nd"]
[Site "Struga"]
[Date "2013.07.30"]
[Round "2.1"]
[White "Todorovski, Tome"]
[Black "Arnaudov, Petar G"]
[Result "0-1"]
[WhiteElo "2216"]
[BlackElo "2487"]
[PlyCount "92"]
[EventDate "2013.07.29"]
[EventType "team-tourn"]
[EventRounds "7"]
[EventCountry "MKD"]
[SourceTitle "CBM 155 Extra"]
[Source "ChessBase"]
[SourceDate "2013.08.26"]
[SourceVersion "1"]
[SourceVersionDate "2013.08.26"]
[SourceQuality "1"]
[WhiteTeam "Bitola Stevo Patako"]
[BlackTeam "Skopje Gambit Asseko"]
[WhiteTeamCountry "MKD"]
[BlackTeamCountry "MKD"]

1. e4 e5 2. Nf3 Nc6 3. d4 exd4 4. Bc4 Nf6 5. 0-0 Nxe4 6. Re1 d5 7. Bxd5 Qxd5 8. Nc3 Qa5 9. Nxe4 Be6 10. Bd2 Qb6 11. Neg5 0-0-0 12. Nxe6 fxe6 13. Rxe6 a6 14. Ne5 Bd6 15. Nf7 Qxb2 16. Nxh8 Rxh8 17. Qb1 Qxb1+ 18. Rxb1 Rf8 19. Re4 b6 20. Rbe1 Rf5 21. c3 dxc3 22. Bxc3 g5 23. h4 Bc5 24. R1e2 gxh4 25. Rxh4 h5 26. Rhe4 b5 27. Be5 Kb7 28. g3 a5 29. Kg2 b4 30. f4 Bb6 31. Kf3 Ka6 32. g4 hxg4+ 33. Kxg4 Rf8 34. Rc2 Kb5 35. Rec4 Nxe5+ 36. fxe5 a4 37. Re4 c5 38. e6 Bc7 39. e7 Re8 40. Kf5 Bd6 41. Rce2 c4 42. Kf6 b3 43. Rg2 Rxe7 44. Rg5+ Kb4 45. a3+ Kxa3 46. Rxc4 Rc7 0-1